| 000 | 00914cam a2200169 4500500 | ||
|---|---|---|---|
| 005 | 20260405001322.0 | ||
| 041 | _afre | ||
| 042 | _adc | ||
| 100 | 1 | 0 |
_aAuthier, Jean-Yves _eauthor |
| 700 | 1 | 0 |
_aBidou, Catherine _eauthor |
| 245 | 0 | 0 | _aEditorial |
| 260 | _c2005. | ||
| 500 | _a70 | ||
| 520 | _aOne in five pregnancies ends in perinatal death. A qualitative study of fifteen bereavement group facilitators reaching parents after a perinatal death identified their perceptions of men’s bereavement, of their motivations to engage in perinatal bereavement groups, and the specifics of intervening with them. Recommendations for practices inclusive of bereaved fathers, training, and mentoring are proposed. | ||
| 786 | 0 | _nEspaces et sociétés | o 120-121 | 2 | 2005-06-01 | p. 7-14 | 0014-0481 | |
| 856 | 4 | 1 | _uhttps://shs.cairn.info/journal-espaces-et-societes-2005-2-page-7?lang=en&redirect-ssocas=7080 |
| 999 |
_c2046335 _d2046335 |
||